01858nam a2200373 a 4500001001200000003000800012006001900020007001500039008004100054010001700095020004300112020002600155020002700181040002100208035002100229043001200250050002600262082002200288100003000310245015000340260004800490300002600538504005100564505036200615533015200977650004001129650003901169650004301208651004201251655002901293710001701322856012601339999001901465ebr10523541CaPaEBRm u cr cn|||||||||110126s2011 enkb sb 001 0 eng d z 2011003906 z9780857287670 (hardcover : alk. paper) z0857287672 (hardback) z9780857288417 (e-book) aCaPaEBRcCaPaEBR a(OCoLC)771282642 aa-ii---14aHD1698.I4bC44 2011eb04a333.73/1509542221 aChhotray, Vasudha,d1975-14aThe anti-politics machine in Indiah[electronic resource] :bstate, decentralization and participatory watershed development /cVasudha Chhotray. aLondon ;aNew York :bAnthem Press,cc2011. axlii, 238 p. :bmaps. aIncludes bibliographical references and index.0 aThe anti-politics machine in India -- The idea of "anti-politics" -- The Indian "anti-politics machine" -- The anti-politics watershed machine : the making of watershed development in India -- Two landscapes of decentralization -- Depoliticizing local institutions? panchayats and watershed committees -- The dialectics of consent in participatory practice. aElectronic reproduction.bPalo Alto, Calif. :cebrary,d2012.nAvailable via World Wide Web.nAccess may be limited to ebrary affiliated libraries. 0aWater resources developmentzIndia. 0aRural development projectszIndia. 0aDecentralization in governmentzIndia. 0aIndiaxPolitics and governmenty1977- 7aElectronic books.2local2 aebrary, Inc.40uhttp://site.ebrary.com/lib/rucke/Doc?id=10523541zAn electronic book accessible through the World Wide Web; click to view c142826d142826